Understanding play behavior and themes in play therapy /

Topics explored are: * Elements typical of play behavior * Four important messages revealed in children's play * Discovering what is not known about a child * Allowing the child to lead the play therapy relationship to where the child needs to be * A model of stages in the play therapy relation...

Full description

Bibliographic Details
Other Authors: Landreth, Garry L. (Speaker)
Format: Video
Language:English
Language Notes:This edition in English.
Published: Denton, TX : Center for Play Therapy, 2003.
Series:Counseling and therapy in video, volume 2
Subjects:
Online Access:Connect to this streaming video (Alexander Street Press)

MARC

Tag First Indicator Second Indicator Subfields
LEADER 00000cgm a2200000Ma 4500
001 in00005570821
006 m o c
007 cr |na---||a|a
007 vz |zazu|
008 131219s2003 txu074 g o vueng d
005 20241201231932.7
035 |a (OCoLC)ocn874051096 
040 |a ALSTP  |b eng  |e pn  |c ALSTP  |d OCLCO  |d OCLCF  |d OCLCQ  |d OCLCO  |d OCLCQ  |d IGB  |d ICG  |d INT  |d AU@  |d OCLCQ  |d WYU  |d OCLCO  |d OCLCQ  |d OCLCL 
035 |a (OCoLC)874051096 
050 4 |a BF 
082 0 4 |a 618.928916  |q OCoLC 
049 |a TXAM 
245 0 0 |a Understanding play behavior and themes in play therapy /  |c presented by Dr. Garry Landreth. 
260 |a Denton, TX :  |b Center for Play Therapy,  |c 2003. 
300 |a 1 online resource (74 min.). 
306 |a 011347 
336 |a two-dimensional moving image  |b tdi  |2 rdacontent 
337 |a computer  |b c  |2 rdamedia 
338 |a online resource  |b cr  |2 rdacarrier 
344 |a digital  |2 rda 
347 |a data file  |2 rda 
380 |a Videorecording 
490 0 |a Counseling and therapy in video, volume 2 
500 |a Title from resource description page (viewed Dec. 20, 2013). 
520 |a Topics explored are: * Elements typical of play behavior * Four important messages revealed in children's play * Discovering what is not known about a child * Allowing the child to lead the play therapy relationship to where the child needs to be * A model of stages in the play therapy relationship * Identifying themes to children's play * How to identify important happenings in play therapy sessions * Instructing parents in how to respond to their children about play therapy. 
546 |a This edition in English. 
650 0 |a Play therapy. 
650 0 |a Play. 
650 0 |a Child psychology. 
650 0 |a Confidential communications  |x Family therapists. 
650 2 |a Play Therapy 
650 2 |a Play and Playthings 
650 6 |a Ludothérapie. 
650 6 |a Jeu. 
650 6 |a Enfants  |x Psychologie. 
650 6 |a Thérapie familiale  |x Secret professionnel. 
650 7 |a Child psychology.  |2 fast  |0 (OCoLC)fst00854540 
650 7 |a Confidential communications  |x Family therapists.  |2 fast  |0 (OCoLC)fst00874709 
650 7 |a Play.  |2 fast  |0 (OCoLC)fst01066938 
650 7 |a Play therapy.  |2 fast  |0 (OCoLC)fst01066971 
655 4 |a Streaming videos. 
655 7 |a Nonfiction films.  |2 fast  |0 (OCoLC)fst01710269 
655 7 |a Nonfiction films.  |2 lcgft 
655 7 |a Films autres que de fiction.  |2 rvmgf 
700 1 |a Landreth, Garry L.  |4 spk 
758 |i has work:  |a Understanding play behavior and themes in play therapy (MovingImage)  |1 https://id.oclc.org/worldcat/entity/E39PCGbj83TqkxCgBm4mgPcVmd  |4 https://id.oclc.org/worldcat/ontology/hasWork 
776 0 8 |i Print version:  |t Understanding play behavior and themes in play therapy.  |d Denton, TX : Center for Play Therapy, 2003  |w (OCoLC)67986525 
776 0 8 |i Print version:  |t Understanding play behavior and themes in play therapy.  |d Denton, TX : Center for Play Therapy, 2003 publisher catalog number  |o PS53919-6/05i 
856 4 0 |u http://proxy.library.tamu.edu/login?url=https://www.aspresolver.com/aspresolver.asp?AVN2;1870873  |z Connect to this streaming video (Alexander Street Press)  |t 0 
955 |a Alexander Street Press subscription streaming video 
994 |a 92  |b TXA 
999 f f |s 384745c6-2741-46c4-ad47-c44e7b8f50aa  |i 38dd3b8b-d16b-4774-8f3e-d0e34d2535aa  |t 0 
952 f f |a Texas A&M University  |b College Station  |c Electronic Resources  |d Available Online  |t 0  |e BF   |h Library of Congress classification 
998 f f |a BF   |t 0  |l Available Online